01771nam a22003737a 45000010005000000030009000050050017000140070003000310080028000340200015000620400030000770820026001071000028001332450134001612600012002952640048003073000046003553360027004013370036004283380028004645900026004926500041005186500029005596500033005886500054006217000037006759100041007129420012007539520159007659520181009249520164011059520113012699990015013820158DO-SdBPM20251106110542.0ta151005b2001 sz 00| 0 spa d a3907640063 aDO-SdBPMbspacBPMSUerda 4a741.5bG127e 20012221 aGaensslen, Rolfeautor 10aAgente del tiempo interdimensional I.D. :bEn el país que inventó el futuro /cRolf Gaensslen ; ilustraciones Franz Zumstein. a b c  aBerna, Suiza : bPräsenz Schweiz,c2001.  a39 páginas :bilustraciones ;c30 cm. atextobtxt2rdacontent asin mediación bn2rdamedia  avolumen bnc2rdamedia  aInventariado, 2025/VM 7aTiras cómicas, historietas, etc.  7aNovela gráfica suiza.  7aNovela de ciencia ficción. 7aViajes a través del tiempo vNovela gráfica. 1 aZumstein, Franz,eilustrador 4  aVMateo V. Control de calidad. BPMSU  2ddccBK 00102ddc708CI-GaBPMETbBPMETd2015-11-27eBiblioteca República Dominicana l0oBPMSU CGI 741.5 G127e 2001pBPMSU15110520r2015-11-27w2015-11-27yBK 00102ddc708CI-GaBPMETbBPMETd2015-11-27e Biblioteca Infantil Juvenil República Dominicanal0oBPMSU CGI 741.5 G127e 2001pBPMSU15110521r2015-11-27te.2w2015-11-27yBK 00102ddc708CI-GaBPMETbBPMETd2015-11-27eBiblioteca República Dominicana l0oBPMSU CGI 741.5 G127e 2001pBPMSU15110522r2015-11-27te.3w2015-11-27yBK 00102ddc708CI-GaBPMETbBPMETd2016-03-21eDonaciónl0pBPMSU16030218r2016-03-21te. 4w2016-03-21yBK c8941d8941